000 00283nam a22001337a 4500
008 170905b xxu||||| |||| 00| 0 eng d
020 _a9780252064876
041 _aeng
080 _a070
100 _a40
101 _aMED
245 _aWHO CAN SPEAK
_cROOF.J
942 _2udc
_cBK
999 _c26222
_d26222